000
00296nam a2200121 a 4500
005
20140414131901.0
008
090317s19uu xx 00 eng d
050
_a
FIC
_b
C58 1970
100
_a
Cleary, Beverly
245
_a
Runaway Ralph.
260
_a
New York :
_b
Avon,
_c
1970.
999
_c
110660
_d
110660